Statistiken für Bände der Harry Potter-Buchreihe Quiz

Klicken Sie hier um das Quiz zu spielen!

Allgemein

  • Dieses Quiz wurde 21.320 mal gespielt
  • Das Durchschnittsergebnis liegt bei 6 aus 7

Antwortstatistiken

#ErscheinungsjahrHarry Potter und …% Korrekt
11997 (D: 1998)der Stein der Weisen
98%
21998 (D: 1999)die Kammer des Schreckens
90%
31999der Gefangene von Askaban
86%
42000der Feuerkelch
85%
62005der Halbblutprinz
85%
72007die Heiligtümer des Todes
80%
52003der Orden des Phönix
79%

Verteilung der Resultate

Perzentil nach korrekt beantworteten Fragen

Anzahl Personen mit jedem Resultat

Ihre Resultats-Entwicklung

Sie haben dieses Quiz noch nicht gespielt